| 000 | 00778nam a2200253 i 4500 | ||
|---|---|---|---|
| 001 | 186799 | ||
| 003 | SpMaBN | ||
| 005 | 20240105062953.0 | ||
| 008 | 170216s1982 sp afo |||| |dspa d | ||
| 020 | _a84-7178-434-3 | ||
| 080 | _a323.276(460)"1981" | ||
| 100 | 0 |
_aUrbano, Pilar, _d1940- _9112073 |
|
| 245 | 1 | 0 |
_aCon la venia-- yo indagué el 23-F / _cPilar Urbano. |
| 250 | _a1ª ed. | ||
| 260 |
_aBarcelona : _bArgos Vergara, _c1982. |
||
| 300 |
_a445 p., [32] h. de lám. : _bil. ; _c22 cm. |
||
| 490 | 1 |
_aPrimera plana ; _v8 |
|
| 500 | _aAnexo documental. | ||
| 500 | _aÍndice. | ||
| 651 | 7 |
_aEspaña- _xHistoria- _y1981, Golpe de Estado. _98339 |
|
| 830 | 0 |
_aPrimera plana ; _v8 _9180521 |
|
| 852 |
_aES-MaACL _jL-3875 |
||
| 999 |
_c186799 _d186799 |
||